00382nam a2200133Ia 4500003000400000008004100004020002300045040000800068100001900076245009900095260002700194300001500221365001200236LDD181029s9999 xx 000 0 und d a1852339152cE89.95 cLDD aSamuel, Andrew 0aMake and test projects in engineering designbCreativity, Engagement and LearnicAndrew Samuel aLondonbSpringerc2006 axxv, 277p. bE 89.95